| 000 | 00400nam a2200145Ia 4500 | ||
|---|---|---|---|
| 008 | 231019s9999 xx 000 0 und d | ||
| 020 | _a0-07-057577-0 | ||
| 082 |
_a658.15 _bSEI-T |
||
| 100 | _aJoel G. Siegel, Jae K. Shim & Stephen W. Hartman | ||
| 245 | 4 | _aThe McGraw-Hill Pocket Guide to Business Finance | |
| 260 |
_aUSA _bMcGraw Hill _c1992 |
||
| 300 | _a354 | ||
| 650 | _aFinance | ||
| 999 |
_c34507 _d34507 |
||